000
00424nam a2200157Ia 4500
005
20260121165313.0
008
260121s9999 xx 000 0 und d
041
_a
mar
082
_a
491.2
100
_a
पवार, आरती
245
_a
संस्कृत परिचय
250
_a
4
260
_b
भारतीय विचार साधना पुणे
_c
2013
300
_a
48
650
_a
Genral
999
_c
369999
_d
369999